[Event "Perce-Neige"]
[Site "Montreal CAN"]
[Date "2025.04.26"]
[Round "1.1"]
[White "Lesage, Philippe"]
[Black "Masse, Hugues"]
[Result "1/2-1/2"]
[WhiteElo "1824"]
[BlackElo "2218"]
[WhiteFideId "-1"]
[WhiteFideId "-1"]
[PlyCount "63"]
[GameId "2187210748859545"]
[EventDate "2025.04.26"]
[EventType "swiss"]
[EventRounds "4"]
[EventCountry "CAN"]

1. c4 c5 2. Nc3 Nf6 3. Nf3 d5 4. cxd5 Nxd5 5. g3 Nc6 6. Bg2 Nc7 7. Qa4 Bd7 8. Qe4 g6 9. Ne5 Bg7 10. Nxd7 Qxd7 11. O-O Ne6 12. d3 Rc8 13. Bd2 O-O 14. Rac1 b6 15. Rfd1 Qd4 16. Bh3 Qxe4 17. dxe4 f5 18. f4 Nc7 19. e5 Rfd8 20. Bg2 Nd4 21. e3 Ndb5 22. a4 Nxc3 23. Bxc3 e6 24. a5 b5 25. Be1 Bf8 26. Bf2 c4 27. e4 Bb4 28. exf5 gxf5 29. a6 Nd5 30. Bxd5 Rxd5 31. Rxd5 exd5 32. Rd1 1/2-1/2

[Event "Perce-Neige"]
[Site "Montreal CAN"]
[Date "2025.04.26"]
[Round "1.2"]
[White "Genzling, Jerome"]
[Black "Iordanescu, Victor Nicolae"]
[Result "1-0"]
[WhiteElo "2117"]
[BlackElo "1811"]
[WhiteFideId "-1"]
[WhiteFideId "-1"]
[PlyCount "77"]
[GameId "2187210748925082"]
[EventDate "2025.04.26"]
[EventType "swiss"]
[EventRounds "4"]
[EventCountry "CAN"]

1. e4 c5 2. Nf3 Nc6 3. Nc3 Nf6 4. d4 cxd4 5. Nxd4 e5 6. Ndb5 d6 7. Bg5 a6 8. Na3 b5 9. Nd5 Be7 10. Bxf6 Bxf6 11. g3 O-O 12. Bg2 Bg5 13. O-O Ne7 14. c4 Nxd5 15. Qxd5 Be6 16. Qd3 b4 17. Nc2 Qb6 18. b3 Kh8 19. Kh1 f5 20. f4 exf4 21. gxf4 Bh6 22. Nd4 fxe4 23. Bxe4 Rae8 24. f5 Bc8 25. Ne6 Rf6 26. Bd5 g6 27. Rae1 gxf5 28. Ng5 Ref8 29. Rg1 Bxg5 30. Rxg5 h6 31. Rg2 Bb7 32. Re7 R6f7 33. Qh3 Rf6 34. Rxb7 Qd4 35. Qg3 Qg4 36. Qe1 Qd4 37. Rgg7 R6f7 38. Rgxf7 Rxf7 39. Qe8+ 1-0

[Event "Perce-Neige"]
[Site "Montreal CAN"]
[Date "2025.04.26"]
[Round "1.3"]
[White "Hu, Raymond"]
[Black "Constantin, David"]
[Result "1-0"]
[WhiteElo "1804"]
[BlackElo "2104"]
[WhiteFideId "-1"]
[WhiteFideId "-1"]
[PlyCount "67"]
[GameId "2187210748937371"]
[EventDate "2025.04.26"]
[EventType "swiss"]
[EventRounds "4"]
[EventCountry "CAN"]

1. e4 c5 2. Nf3 e6 3. d4 cxd4 4. Nxd4 a6 5. c4 Nf6 6. Bd3 Qc7 7. O-O Bd6 8. h3 O-O 9. Bg5 Be5 10. Be3 Nc6 11. Bc2 d5 12. cxd5 Bxd4 13. dxc6 Bxb2 14. Nd2 Bxa1 15. Qxa1 b5 16. Rc1 e5 17. Nf3 Re8 18. Bb1 a5 19. Rc5 Be6 20. Nxe5 b4 21. Bd4 Red8 22. f4 Ne8 23. Nd3 f6 24. f5 Bc8 25. e5 fxe5 26. Nxe5 Qd6 27. Nf3 Nf6 28. Qb2 a4 29. Qxb4 Rb8 30. Qc4+ Nd5 31. Be4 Kh8 32. Rxd5 Qc7 33. Rxd8+ Qxd8 34. c7 1-0

[Event "Perce-Neige"]
[Site "Montreal CAN"]
[Date "2025.04.26"]
[Round "1.4"]
[White "Hrivnak, Vladimir"]
[Black "Morin, Richer"]
[Result "1/2-1/2"]
[WhiteElo "2071"]
[BlackElo "1757"]
[WhiteFideId "-1"]
[WhiteFideId "-1"]
[PlyCount "97"]
[GameId "2187210748941468"]
[EventDate "2025.04.26"]
[EventType "swiss"]
[EventRounds "4"]
[EventCountry "CAN"]

1. d4 d5 2. Nf3 Nf6 3. Bf4 c5 4. c3 e6 5. e3 Nc6 6. Bb5 Bd6 7. Ne5 Qc7 8. Nd2 O-O 9. Bxc6 bxc6 10. g4 Nd7 11. Nxd7 Bxd7 12. Bxd6 Qxd6 13. Nb3 cxd4 14. cxd4 e5 15. h3 Rab8 16. dxe5 Qb4+ 17. Qd2 Qe4 18. O-O-O Qxe5 19. Qd4 Qc7 20. Nc5 Rb5 21. Rd2 Qd6 22. Rc2 Re8 23. Kb1 Bc8 24. Rhc1 a5 25. a3 Qh2 26. Qf4 Qxf4 27. exf4 h5 28. Rg1 Kf8 29. Rcc1 hxg4 30. hxg4 Ke7 31. Nd3 Bd7 32. Ne5 f6 33. Nxc6+ Bxc6 34. Rxc6 Kd7 35. Rc2 Re4 36. f5 Kd6 37. Rd2 Rb3 38. Rc2 Ke5 39. Rc3 Rxc3 40. bxc3 Re2 41. Rh1 Rxf2 42. Rh7 Ra2 43. Rxg7 Rxa3 44. Kb2 Ra4 45. Re7+ Kd6 46. Re6+ Kd7 47. Rxf6 Rxg4 48. Ra6 Rf4 49. Rxa5 1/2-1/2

[Event "Perce-Neige"]
[Site "Montreal CAN"]
[Date "2025.04.26"]
[Round "1.5"]
[White "Qi, Jason"]
[Black "Turcotte, Jonathan"]
[Result "1-0"]
[WhiteElo "1678"]
[BlackElo "2006"]
[WhiteFideId "-1"]
[WhiteFideId "-1"]
[PlyCount "77"]
[GameId "2187210748945565"]
[EventDate "2025.04.26"]
[EventType "swiss"]
[EventRounds "4"]
[EventCountry "CAN"]

1. e4 c6 2. c4 d5 3. cxd5 cxd5 4. exd5 Nf6 5. Nc3 Nxd5 6. Nf3 Nc6 7. Bc4 Nb6 8. Bb3 g6 9. d4 Bg7 10. Be3 Na5 11. O-O Nxb3 12. Qxb3 O-O 13. d5 Bf5 14. Rfd1 Bg4 15. Bxb6 Qxb6 16. Qxb6 axb6 17. Rd3 Rfd8 18. h3 Bf5 19. Re3 Kf8 20. g4 Bd7 21. Rae1 Bxc3 22. Rxc3 Rxa2 23. Rc7 Rxb2 24. Rxb7 Rb5 25. Rc1 Rxd5 26. Rxb6 h5 27. Rc4 hxg4 28. hxg4 Be6 29. Rf4 Ke8 30. g5 Ra5 31. Rh4 Rd1+ 32. Kg2 Bd5 33. Rh8+ Kd7 34. Rbb8 Ra3 35. Rhd8+ Ke6 36. Rb6+ Kf5 37. Rb5 e6 38. Rd7 Kg4 39. Rb4+ 1-0

[Event "Perce-Neige"]
[Site "Montreal CAN"]
[Date "2025.04.26"]
[Round "1.6"]
[White "Beaupre, Eugene jr"]
[Black "Gauthier, Denis"]
[Result "1-0"]
[WhiteElo "1976"]
[BlackElo "1671"]
[WhiteFideId "-1"]
[WhiteFideId "-1"]
[PlyCount "77"]
[GameId "2187210748949662"]
[EventDate "2025.04.26"]
[EventType "swiss"]
[EventRounds "4"]
[EventCountry "CAN"]

1. d4 Nf6 2. c4 e6 3. Nc3 Bb4 4. Qc2 O-O 5. Bg5 h6 6. Bh4 d6 7. e4 Nbd7 8. f4 e5 9. fxe5 dxe5 10. d5 Bxc3+ 11. bxc3 Nc5 12. Bd3 Qd6 13. Nf3 Nh5 14. O-O Nf4 15. Be2 f5 16. Rae1 Nxe4 17. Bd3 Nc5 18. Nxe5 Nfxd3 19. Nxd3 Nxd3 20. Qxd3 g5 21. Bf2 b6 22. Bd4 Bd7 23. Be5 Qc5+ 24. Kh1 Rae8 25. h4 b5 26. hxg5 Qxc4 27. Qxc4 bxc4 28. gxh6 Kh7 29. Rf4 Rf7 30. Rxc4 Rfe7 31. Rxc7 a5 32. c4 Kxh6 33. Rxd7 Rxe5 34. Rxe5 Rxe5 35. c5 Kg6 36. c6 Kf6 37. c7 Re1+ 38. Kh2 Rc1 39. Rd6+ 1-0

[Event "Perce-Neige"]
[Site "Montreal CAN"]
[Date "2025.04.26"]
[Round "1.7"]
[White "Sanders, Marcus"]
[Black "Di Matteo, Alessio"]
[Result "1-0"]
[WhiteElo "1625"]
[BlackElo "1949"]
[WhiteFideId "-1"]
[WhiteFideId "-1"]
[PlyCount "91"]
[GameId "2187210748953759"]
[EventDate "2025.04.26"]
[EventType "swiss"]
[EventRounds "4"]
[EventCountry "CAN"]

1. d4 Nf6 2. c4 c5 3. d5 b5 4. cxb5 a6 5. bxa6 g6 6. Nc3 Bg7 7. g3 O-O 8. Bg2 d6 9. Nf3 Nxa6 10. O-O Bf5 11. Nh4 Bd7 12. h3 Qb6 13. Rb1 Rfb8 14. b3 Ne8 15. Bd2 Nb4 16. a4 Nc7 17. Kh2 Qb7 18. e4 Ra6 19. f4 Rb6 20. e5 Nba6 21. e6 Be8 22. exf7+ Bxf7 23. f5 g5 24. Nf3 h6 25. f6 Bxf6 26. Ne4 Bg7 27. Nfxg5 hxg5 28. Nxg5 Bg6 29. Qg4 Qc8 30. Ne6 Nxe6 31. Qxg6 Nf8 32. Qf7+ Kh8 33. Qh5+ Nh7 34. Be4 Qg8 35. Rf3 Rf8 36. Rbf1 Rbb8 37. g4 Be5+ 38. Kh1 Rxf3 39. Rxf3 c4 40. Rf7 Bg7 41. Bh6 Bxh6 42. Rxh7+ Qxh7 43. Bxh7 Kxh7 44. g5 cxb3 45. Qxh6+ Kg8 46. g6 1-0

[Event "Perce-Neige"]
[Site "Montreal CAN"]
[Date "2025.04.26"]
[Round "1.8"]
[White "Kiryakov, Marin"]
[Black "Rodi, Mathieu"]
[Result "1/2-1/2"]
[WhiteElo "1907"]
[BlackElo "1570"]
[WhiteFideId "-1"]
[WhiteFideId "-1"]
[PlyCount "103"]
[GameId "2187210748957856"]
[EventDate "2025.04.26"]
[EventType "swiss"]
[EventRounds "4"]
[EventCountry "CAN"]

1. e4 c5 2. Nf3 Nc6 3. Bb5 g6 4. Bxc6 dxc6 5. d3 Bg7 6. h3 e5 7. O-O Ne7 8. a3 O-O 9. b4 cxb4 10. axb4 Qc7 11. Nbd2 f6 12. Bb2 Be6 13. d4 exd4 14. Bxd4 a5 15. bxa5 Rxa5 16. Qe2 Rxa1 17. Rxa1 c5 18. Bc3 Nc6 19. Qb5 Nd4 20. Bxd4 cxd4 21. Nxd4 Qc3 22. N2b3 Bxb3 23. Qxb3+ Qxb3 24. Nxb3 Rc8 25. Ra2 Kf7 26. Kf1 Bf8 27. Ke2 Bd6 28. Kd3 Be5 29. c4 b5 30. Ra7+ Ke8 31. c5 Rd8+ 32. Ke3 Rd7 33. Ra8+ Rd8 34. Rxd8+ Kxd8 35. Nd4 Kd7 36. Nxb5 Kc6 37. Nd4+ Kxc5 38. Ne6+ Kd6 39. Nf8 Ke7 40. Nxh7 Kf7 41. f4 Bb2 42. g4 Kg7 43. Nxf6 Kxf6 44. e5+ Ke6 45. Ke4 Bc1 46. h4 Kf7 47. f5 gxf5+ 48. Kxf5 Ba3 49. g5 Be7 50. h5 Kg7 51. g6 Bd8 52. h6+ 1/2-1/2

[Event "Perce-Neige"]
[Site "Montreal CAN"]
[Date "2025.04.26"]
[Round "2.1"]
[White "Hu, Raymond"]
[Black "Genzling, Jerome"]
[Result "0-1"]
[WhiteElo "1804"]
[BlackElo "2117"]
[WhiteFideId "-1"]
[WhiteFideId "-1"]
[PlyCount "144"]
[GameId "2187210748966049"]
[EventDate "2025.04.26"]
[EventType "swiss"]
[EventRounds "4"]
[EventCountry "CAN"]

1. e4 c5 2. Ne2 Nc6 3. Nbc3 g6 4. g3 Bg7 5. Bg2 e6 6. d3 Nge7 7. O-O Rb8 8. a4 a6 9. f4 d6 10. Be3 O-O 11. Qd2 Nd4 12. Bxd4 cxd4 13. Nd1 b5 14. axb5 Rxb5 15. c3 dxc3 16. bxc3 Bb7 17. d4 Qc7 18. Ne3 d5 19. e5 Rb8 20. g4 Bc8 21. Ra2 Nc6 22. f5 Na5 23. fxe6 fxe6 24. g5 Nc4 25. Nxc4 Qxc4 26. Qf4 Qc7 27. Qd2 Rb1 28. Nc1 R8b6 29. Qf2 Qe7 30. h4 Bd7 31. Nd3 Rxf1+ 32. Bxf1 Bb5 33. Nc5 Bxf1 34. Qxf1 h6 35. Qf4 hxg5 36. Qxg5 Qxg5+ 37. hxg5 Bf8 38. Nd7 Rc6 39. Nxf8 Kxf8 40. Kf2 Ke7 41. Ra3 Kd7 42. Ke2 a5 43. Rxa5 Rxc3 44. Ra7+ Rc7 45. Ra6 Rb7 46. Rd6+ Ke7 47. Ra6 Rb2+ 48. Kf3 Rb3+ 49. Kf4 Rd3 50. Ra7+ Ke8 51. Ra4 Kd7 52. Rb4 Kc6 53. Kg4 Rc3 54. Rb2 Rc4 55. Rd2 Kb5 56. Kf4 Kb4 57. Ke3 Rc3+ 58. Kf2 Kc4 59. Ke2 Rg3 60. Rd1 Rxg5 61. Kf3 Rh5 62. Kg4 Kc3 63. Kg3 Rg5+ 64. Kf3 Kc4 65. Kf4 Rg2 66. Kf3 Rh2 67. Kg3 Re2 68. Kf4 Re4+ 69. Kg5 Rxd4 70. Rc1+ Kb5 71. Kxg6 Rf4 72. Rc8 Rf5 0-1

[Event "Perce-Neige"]
[Site "Montreal CAN"]
[Date "2025.04.26"]
[Round "2.2"]
[White "Qi, Jason"]
[Black "Beaupre, Eugene jr"]
[Result "0-1"]
[WhiteElo "1678"]
[BlackElo "1976"]
[WhiteFideId "-1"]
[WhiteFideId "-1"]
[PlyCount "74"]
[GameId "2187210748970146"]
[EventDate "2025.04.26"]
[EventType "swiss"]
[EventRounds "4"]
[EventCountry "CAN"]

1. e4 e5 2. Nf3 Nc6 3. Bb5 a6 4. Ba4 Nf6 5. d3 b5 6. Bb3 Bc5 7. O-O h6 8. c3 d6 9. a4 Rb8 10. h3 O-O 11. Re1 Qe7 12. Be3 Bxe3 13. Rxe3 Be6 14. Bxe6 Qxe6 15. axb5 axb5 16. Nbd2 Ra8 17. d4 Ne7 18. d5 Qd7 19. Nf1 Nh7 20. Ng3 f5 21. exf5 Rxa1 22. Qxa1 Nxf5 23. Nxf5 Qxf5 24. Qe1 Nf6 25. Qd2 e4 26. Qc2 Qxd5 27. Nd4 b4 28. Qa4 c5 29. Nc6 Qd2 30. Ne7+ Kh7 31. Qb3 Ng4 32. hxg4 Qxf2+ 33. Kh2 Qxe3 34. Qe6 Qf4+ 35. Kh3 Qe5 36. Ng6 Rf6 37. Qxe5 dxe5 0-1

[Event "Perce-Neige"]
[Site "Montreal CAN"]
[Date "2025.04.26"]
[Round "2.3"]
[White "Masse, Hugues"]
[Black "Sanders, Marcus"]
[Result "1-0"]
[WhiteElo "2218"]
[BlackElo "1625"]
[WhiteFideId "-1"]
[WhiteFideId "-1"]
[PlyCount "33"]
[GameId "2187210748970147"]
[EventDate "2025.04.26"]
[EventType "swiss"]
[EventRounds "4"]
[EventCountry "CAN"]

1. d4 d5 2. Bf4 Nf6 3. e3 e6 4. Nf3 Bd6 5. Ne5 O-O 6. Nd2 c5 7. c3 Qc7 8. Bd3 Nc6 9. Ndf3 c4 10. Bc2 b5 11. a3 Ne7 12. h4 Ne4 13. Ng5 f6 14. Qh5 fxg5 15. hxg5 Rxf4 16. exf4 Bxe5 17. Qe8# 1-0

[Event "Perce-Neige"]
[Site "Montreal CAN"]
[Date "2025.04.26"]
[Round "2.4"]
[White "Rodi, Mathieu"]
[Black "Hrivnak, Vladimir"]
[Result "0-1"]
[WhiteElo "1570"]
[BlackElo "2071"]
[WhiteFideId "-1"]
[WhiteFideId "-1"]
[PlyCount "66"]
[GameId "2187210748970148"]
[EventDate "2025.04.26"]
[EventType "swiss"]
[EventRounds "4"]
[EventCountry "CAN"]

1. e4 c5 2. Nc3 Nc6 3. f4 g6 4. Nf3 Bg7 5. Bc4 d6 6. h3 e6 7. O-O Nge7 8. a3 a6 9. d3 b5 10. Ba2 d5 11. Qe1 O-O 12. Qh4 Nd4 13. Nxd4 Bxd4+ 14. Kh1 Bxc3 15. bxc3 dxe4 16. dxe4 c4 17. Be3 Nf5 18. Qf2 Nxe3 19. Qxe3 Qc7 20. f5 f6 21. fxg6 hxg6 22. e5 Qxe5 23. Qxe5 fxe5 24. Rxf8+ Kxf8 25. Re1 Bd7 26. Rxe5 Ke7 27. Rg5 Kf6 28. h4 Rh8 29. g3 e5 30. Kg2 Bf5 31. Bb1 Rd8 32. Kf2 Rd1 33. g4 Bd7 0-1

[Event "Perce-Neige"]
[Site "Montreal CAN"]
[Date "2025.04.26"]
[Round "2.6"]
[White "Constantin, David"]
[Black "Lesage, Philippe"]
[Result "1-0"]
[WhiteElo "2104"]
[BlackElo "1824"]
[WhiteFideId "-1"]
[WhiteFideId "-1"]
[PlyCount "61"]
[GameId "2187210748974246"]
[EventDate "2025.04.26"]
[EventType "swiss"]
[EventRounds "4"]
[EventCountry "CAN"]

1. Nf3 e6 2. c4 d5 3. e3 Nf6 4. Nc3 c5 5. cxd5 exd5 6. Bb5+ Nc6 7. d4 Bd6 8. O-O O-O 9. dxc5 Bxc5 10. b3 Bg4 11. Bb2 Re8 12. h3 Bf5 13. Rc1 Bd6 14. Na4 Rc8 15. g4 Bg6 16. Nd4 Ne4 17. Kg2 Qh4 18. Nf3 Qe7 19. Qxd5 Nb4 20. Qd4 Nf6 21. Bxe8 Rxe8 22. Rcd1 Bb8 23. Nc3 Nc6 24. Nd5 Nxd4 25. Nxe7+ Rxe7 26. Nxd4 Be4+ 27. f3 Bg6 28. Nf5 Re8 29. e4 Bxf5 30. exf5 Bc7 31. Rfe1 1-0

[Event "Perce-Neige"]
[Site "Montreal CAN"]
[Date "2025.04.26"]
[Round "2.7"]
[White "Turcotte, Jonathan"]
[Black "Iordanescu, Victor Nicolae"]
[Result "0-1"]
[WhiteElo "2006"]
[BlackElo "1811"]
[WhiteFideId "-1"]
[WhiteFideId "-1"]
[PlyCount "66"]
[GameId "2187210748974247"]
[EventDate "2025.04.26"]
[EventType "swiss"]
[EventRounds "4"]
[EventCountry "CAN"]

1. d4 Nf6 2. c4 e6 3. Nf3 d5 4. Nc3 Be7 5. Bg5 h6 6. Bh4 O-O 7. e3 Nbd7 8. Rc1 a6 9. c5 c6 10. Bd3 e5 11. Nxe5 Nxe5 12. dxe5 Nd7 13. Bxe7 Qxe7 14. b4 Nxe5 15. O-O Nxd3 16. Qxd3 Qg5 17. f4 Qf6 18. Ne2 Bf5 19. Qd4 Qg6 20. Ng3 Rfe8 21. a4 h5 22. Rf3 h4 23. Nxf5 Qxf5 24. Rh3 Re4 25. Qc3 Rae8 26. Rd1 Rc4 27. Qe1 Rxf4 28. Rxh4 Rxh4 29. Qxh4 Qe4 30. Qxe4 Rxe4 31. Rd4 Rxe3 32. b5 axb5 33. axb5 Rc3 0-1

[Event "Perce-Neige"]
[Site "Montreal CAN"]
[Date "2025.04.26"]
[Round "2.8"]
[White "Di Matteo, Alessio"]
[Black "Gauthier, Denis"]
[Result "0-1"]
[WhiteElo "1949"]
[BlackElo "1671"]
[WhiteFideId "-1"]
[WhiteFideId "-1"]
[PlyCount "96"]
[GameId "2187210748978344"]
[EventDate "2025.04.26"]
[EventType "swiss"]
[EventRounds "4"]
[EventCountry "CAN"]

1. d4 Nf6 2. c4 e6 3. Nc3 Bb4 4. f3 c5 5. a3 Bxc3+ 6. bxc3 d5 7. cxd5 Nxd5 8. dxc5 f5 9. Nh3 Qa5 10. Nf4 Qxc3+ 11. Bd2 Qe5 12. Nxd5 exd5 13. Rc1 Nc6 14. Qa4 Bd7 15. Bf4 Qf6 16. Qb3 Qe6 17. Qxb7 O-O 18. e3 Rab8 19. Qa6 Rb2 20. Be2 h6 21. h4 Kh7 22. Qd3 Ne5 23. Qd4 Rxe2+ 24. Kxe2 Bb5+ 25. Kd2 Nc4+ 26. Kc3 Qa6 27. Ra1 Qa5+ 28. Kc2 Ba4+ 29. Kc1 Rc8 30. Bxh6 gxh6 31. Qd3 Nxe3 32. Ra2 Rxc5+ 33. Kb1 Bc2+ 34. Rxc2 Nxc2 35. Qxf5+ Kg7 36. Qe5+ Kf7 37. Qf4+ Ke7 38. Qe5+ Kd7 39. Qf5+ Kc7 40. Qf7+ Kb6 41. Qf6+ Kb7 42. Qg7+ Rc7 43. Qb2+ Ka6 44. Ka2 Nxa3 45. Qf6+ Kb7 46. Qb2+ Nb5+ 47. Kb1 Rc4 48. Qg7+ Nc7 0-1

[Event "Perce-Neige"]
[Site "Montreal CAN"]
[Date "2025.04.27"]
[Round "3.1"]
[White "Genzling, Jerome"]
[Black "Beaupre, Eugene jr"]
[Result "1-0"]
[WhiteElo "2117"]
[BlackElo "1976"]
[WhiteFideId "-1"]
[WhiteFideId "-1"]
[PlyCount "57"]
[GameId "2187210748978345"]
[EventDate "2025.04.26"]
[EventType "swiss"]
[EventRounds "4"]
[EventCountry "CAN"]

1. e4 c5 2. Nf3 e6 3. Nc3 a6 4. d4 cxd4 5. Nxd4 Qc7 6. g3 Nf6 7. Bg2 Be7 8. O-O O-O 9. Be3 d6 10. a4 Nbd7 11. f4 Nb6 12. Kh1 Bd7 13. g4 e5 14. Nf5 Bxf5 15. exf5 Nc4 16. Bc1 Qc5 17. g5 Nd7 18. Nd5 Bd8 19. b3 Ncb6 20. Ba3 Qd4 21. Qxd4 exd4 22. Bxd6 Re8 23. Rae1 Rxe1 24. Rxe1 h6 25. Re8+ Kh7 26. Nxb6 Nxb6 27. Bxb7 Ra7 28. Be4 Bxg5 29. fxg5 1-0

[Event "Perce-Neige"]
[Site "Montreal CAN"]
[Date "2025.04.27"]
[Round "3.2"]
[White "Hrivnak, Vladimir"]
[Black "Masse, Hugues"]
[Result "0-1"]
[WhiteElo "2071"]
[BlackElo "2218"]
[WhiteFideId "-1"]
[WhiteFideId "-1"]
[PlyCount "90"]
[GameId "2187210748982442"]
[EventDate "2025.04.26"]
[EventType "swiss"]
[EventRounds "4"]
[EventCountry "CAN"]

1. d4 Nf6 2. c4 e6 3. Nc3 d5 4. Bg5 Be7 5. Nf3 h6 6. Bh4 dxc4 7. e3 c5 8. Bxc4 cxd4 9. Qxd4 Qa5 10. O-O Nc6 11. Bb5 Bd7 12. Qa4 Qxa4 13. Bxa4 O-O 14. Rfd1 Rfd8 15. a3 Kf8 16. Bg3 Rac8 17. Bd6 Be8 18. Bxe7+ Kxe7 19. Rxd8 Rxd8 20. Rd1 Rc8 21. Kf1 Na5 22. Bxe8 Nxe8 23. Rd4 Nc4 24. Nd1 Ned6 25. Nd2 e5 26. Rd3 e4 27. Rd4 Nxd2+ 28. Rxd2 Rc1 29. Ke2 Nc4 30. Rd4 Rc2+ 31. Ke1 f5 32. Rd5 Ke6 33. Rb5 Ne5 34. Rxb7 Nd3+ 35. Kf1 Rc1 36. Ke2 Rc2+ 37. Kf1 Rd2 38. Nc3 Rxf2+ 39. Kg1 Rxb2 40. Rxb2 Nxb2 41. Nb5 a5 42. Nd4+ Kf6 43. Nb3 a4 44. Nc5 Ke5 45. Kf2 Nd3+ 0-1

[Event "Perce-Neige"]
[Site "Montreal CAN"]
[Date "2025.04.27"]
[Round "3.3"]
[White "Gauthier, Denis"]
[Black "Constantin, David"]
[Result "0-1"]
[WhiteElo "1671"]
[BlackElo "2104"]
[WhiteFideId "-1"]
[WhiteFideId "-1"]
[PlyCount "96"]
[GameId "2187210748982443"]
[EventDate "2025.04.26"]
[EventType "swiss"]
[EventRounds "4"]
[EventCountry "CAN"]

1. d4 d5 2. c4 c6 3. Nf3 Nf6 4. e3 a6 5. Nbd2 b5 6. b3 Bf5 7. Nh4 Bg4 8. Qc2 e6 9. h3 Bh5 10. g4 Bg6 11. Nxg6 hxg6 12. Bg2 Nbd7 13. e4 Nxe4 14. Nxe4 dxe4 15. Qxe4 Bb4+ 16. Kf1 Rc8 17. Bb2 bxc4 18. bxc4 O-O 19. Bf3 Nf6 20. Qe3 Qc7 21. Kg2 c5 22. a3 cxd4 23. Bxd4 Bc5 24. Bxc5 Qxc5 25. Qxc5 Rxc5 26. Bb7 a5 27. Ba6 Rc7 28. Rab1 Nd7 29. Rb7 Rxb7 30. Bxb7 Rb8 31. Bc6 Nc5 32. Bb5 Rd8 33. Re1 f6 34. Kf3 Kf7 35. Re3 e5 36. Ke2 e4 37. f3 f5 38. fxe4 fxe4 39. Bc6 Rd4 40. Bd5+ Kf6 41. h4 g5 42. h5 Ke5 43. h6 gxh6 44. Rh3 Rd3 45. Rxh6 Kd4 46. Rg6 Rxa3 47. Kd1 Kd3 48. Ke1 e3 0-1

[Event "Perce-Neige"]
[Site "Montreal CAN"]
[Date "2025.04.27"]
[Round "3.4"]
[White "Kiryakov, Marin"]
[Black "Qi, Jason"]
[Result "1/2-1/2"]
[WhiteElo "1907"]
[BlackElo "1678"]
[WhiteFideId "-1"]
[WhiteFideId "-1"]
[PlyCount "97"]
[GameId "2187210748986540"]
[EventDate "2025.04.26"]
[EventType "swiss"]
[EventRounds "4"]
[EventCountry "CAN"]

1. e4 c5 2. Nf3 e6 3. d4 cxd4 4. Nxd4 a6 5. c4 Nc6 6. Nxc6 bxc6 7. Nc3 e5 8. Be2 Nf6 9. O-O Bc5 10. Qd3 O-O 11. Be3 Bxe3 12. Qxe3 d6 13. c5 Qe7 14. cxd6 Qxd6 15. Rfd1 Qb4 16. b3 Be6 17. Rac1 a5 18. Na4 Qxe4 19. Qxe4 Nxe4 20. f3 Nf6 21. Rxc6 Nd5 22. Nc5 Nb4 23. Nxe6 Nxc6 24. Nxf8 Kxf8 25. Rd7 Ke8 26. Rc7 Ne7 27. Bb5+ Kf8 28. Kf2 f6 29. Ke2 Nd5 30. Rc5 Nf4+ 31. Kf2 Ra7 32. g3 Ne6 33. Rc8+ Ke7 34. Bc4 Kd6 35. Ke3 Nd4 36. f4 a4 37. fxe5+ fxe5 38. Rd8+ Ke7 39. Rd5 Kf6 40. Ke4 axb3 41. axb3 Ra1 42. Rd6+ Ke7 43. Rb6 Re1+ 44. Kd3 Rh1 45. Rb7+ Kd6 46. h4 Nf5 47. g4 Nxh4 48. Rxg7 Rg1 49. Bg8 {illisible} 1/2-1/2

[Event "Perce-Neige"]
[Site "Montreal CAN"]
[Date "2025.04.27"]
[Round "3.5"]
[White "Iordanescu, Victor Nicolae"]
[Black "Morin, Richer"]
[Result "1-0"]
[WhiteElo "1811"]
[BlackElo "1757"]
[WhiteFideId "-1"]
[WhiteFideId "-1"]
[PlyCount "129"]
[GameId "2187210748994733"]
[EventDate "2025.04.26"]
[EventType "swiss"]
[EventRounds "4"]
[EventCountry "CAN"]

1. Nf3 d5 2. g3 e6 3. Bg2 Nf6 4. O-O Be7 5. d4 O-O 6. c4 dxc4 7. Qc2 a6 8. a4 Nc6 9. Qxc4 Qd5 10. Qxd5 exd5 11. Bf4 Bd6 12. Bxd6 cxd6 13. Nc3 Re8 14. e3 Bf5 15. Rfd1 Be4 16. a5 Rac8 17. Ne1 Bxg2 18. Kxg2 Rc7 19. Nd3 Kf8 20. Nf4 Ne7 21. h4 Ne4 22. Nxe4 dxe4 23. Ra3 Rec8 24. Rb3 Ke8 25. g4 d5 26. Ra1 Rd7 27. Ra4 Rdc7 28. Ra1 Rc2 29. Kg3 Nc6 30. f3 exf3 31. Kxf3 Na7 32. Nd3 Nb5 33. Nc5 Rc7 34. Rf1 Kd8 35. Rf2 Rc1 36. Rd3 Nd6 37. Kg3 Ke8 38. Rb3 Nb5 39. Rf5 Ra1 40. Rxd5 Rxa5 41. Kf2 Ra1 42. Rh5 Kf8 43. Rd5 g6 44. Rd8+ Kg7 45. Rb8 Rh1 46. Nxb7 Rxh4 47. Kg3 Rh1 48. Nc5 Rg1+ 49. Kf3 Rf1+ 50. Kg2 Rf6 51. Rb7 Rxb7 52. Nxb7 Rc6 53. Nc5 Kh6 54. Kf3 Kg5 55. Ne4+ Kh6 56. g5+ Kg7 57. d5 Rc8 58. Kf4 h6 59. gxh6+ Kxh6 60. d6 Kg7 61. d7 Rh8 62. Rd3 Rd8 63. Nc5 Nc7 64. Ke5 f6+ 65. Kd6 1-0

[Event "Perce-Neige"]
[Site "Montreal CAN"]
[Date "2025.04.27"]
[Round "3.6"]
[White "Sanders, Marcus"]
[Black "Hu, Raymond"]
[Result "0-1"]
[WhiteElo "1625"]
[BlackElo "1804"]
[WhiteFideId "-1"]
[WhiteFideId "-1"]
[PlyCount "98"]
[GameId "2187210748998830"]
[EventDate "2025.04.26"]
[EventType "swiss"]
[EventRounds "4"]
[EventCountry "CAN"]

1. d4 Nf6 2. c4 g6 3. g3 Bg7 4. Bg2 c5 5. d5 d6 6. Nc3 O-O 7. Nf3 a6 8. a4 Nbd7 9. h3 Ne8 10. O-O Ne5 11. Nxe5 Bxe5 12. Bh6 Bg7 13. Bd2 f5 14. Qc2 Nf6 15. Rad1 Rb8 16. Kh2 Bd7 17. e4 fxe4 18. Nxe4 Nxe4 19. Bxe4 Qc8 20. h4 Bh3 21. Bg2 Bxg2 22. Kxg2 Qf5 23. Qxf5 Rxf5 24. b3 b5 25. Rb1 Bd4 26. f4 Rff8 27. Kf3 Rb7 28. Ke4 Rfb8 29. axb5 axb5 30. cxb5 Rxb5 31. b4 Bf6 32. Rf3 Ra8 33. Rfb3 c4 34. Ke3 Ra1 35. Rxa1 Bxa1 36. Bc3 Bxc3 37. Rxc3 Rxb4 38. Kd4 Kf7 39. Rxc4 Rxc4+ 40. Kxc4 Kf6 41. g4 h5 42. gxh5 gxh5 43. Kd4 Kf5 44. Ke3 Kg4 45. Ke4 Kxh4 46. Kf3 Kh3 47. f5 h4 48. f6 exf6 49. Kf4 Kg2 0-1

[Event "Perce-Neige"]
[Site "Montreal CAN"]
[Date "2025.04.27"]
[Round "3.7"]
[White "Lesage, Philippe"]
[Black "Rodi, Mathieu"]
[Result "1/2-1/2"]
[WhiteElo "1824"]
[BlackElo "1570"]
[WhiteFideId "-1"]
[WhiteFideId "-1"]
[PlyCount "41"]
[GameId "2187210748998831"]
[EventDate "2025.04.26"]
[EventType "swiss"]
[EventRounds "4"]
[EventCountry "CAN"]

1. c4 e5 2. Nc3 Nc6 3. Nf3 f5 4. d4 e4 5. Ne5 Bb4 6. Nxc6 bxc6 7. Qc2 Nf6 8. a3 Be7 9. e3 O-O 10. Be2 d5 11. cxd5 cxd5 12. Nb5 c6 13. Qxc6 Bd7 14. Qa6 Bxb5 15. Qxb5 Bd6 16. O-O Qe7 17. Bd2 Rab8 18. Qa5 Rxb2 19. Rfb1 Rfb8 20. Rxb2 Rxb2 21. Qc3 1/2-1/2

[Event "Perce-Neige"]
[Site "Montreal CAN"]
[Date "2025.04.27"]
[Round "4.1"]
[White "Masse, Hugues"]
[Black "Genzling, Jerome"]
[Result "1/2-1/2"]
[WhiteElo "2218"]
[BlackElo "2117"]
[WhiteFideId "-1"]
[WhiteFideId "-1"]
[PlyCount "90"]
[GameId "2187210748998832"]
[EventDate "2025.04.26"]
[EventType "swiss"]
[EventRounds "4"]
[EventCountry "CAN"]

1. e4 c5 2. Nf3 Nc6 3. d4 cxd4 4. Nxd4 g6 5. c4 Bg7 6. Be3 Nf6 7. Nc3 d6 8. Be2 O-O 9. O-O Bd7 10. Nc2 a5 11. Na3 Nb4 12. f3 Bc6 13. Nab5 Nd7 14. Rb1 Na6 15. Qd2 Nac5 16. b3 Nb8 17. Rfd1 Nba6 18. Qe1 Qc8 19. Nd5 Bxd5 20. exd5 Nc7 21. Nc3 N7a6 22. Qd2 Qd8 23. Bf1 Qb6 24. Nb5 Nc7 25. Nd4 Qb4 26. Qc1 Qb6 27. a3 N7a6 28. b4 axb4 29. axb4 Bxd4 30. Bxd4 Nxb4 31. Qh6 f6 32. Kh1 Ra4 33. Qe3 Qc7 34. Rd2 Nba6 35. Re1 Rf7 36. Rb2 Rb4 37. Rxb4 Nxb4 38. Qc3 Nba6 39. g3 Qd7 40. h4 Rf8 41. Qe3 Rf7 42. Kh2 Qa4 43. Ra1 Qc2+ 44. Qf2 Qxf2+ 45. Bxf2 Rf8 1/2-1/2